| 000 | nam a22 a 4500 | ||
|---|---|---|---|
| 999 |
_c424369 _d424369 |
||
| 003 | BLK | ||
| 005 | 20230428152326.0 | ||
| 008 | 210720b bu |||||r|||| 00| | bu d | ||
| 040 | _aBLK | ||
| 041 |
_aBUL _cBUL |
||
| 080 |
_aФренска литература _b821.133.1 _x-22 _z821.133.1-22 |
||
| 100 |
_9242470 _aМолиер _eпърви автор _gПоклен, Жан-Батист |
||
| 139 | _aМолиер | ||
| 245 |
_aСкъперникът _bКомедия _cМолиер ; прев. от фр. М. Москов |
||
| 260 |
_9217487 _aВ. Търново _bкниж. Е. П. Христов _c1898 _fВарна : Зора |
||
| 300 |
_a64 с. _c20 см |
||
| 380 | _aX | ||
| 490 |
_9435080 _aКолекция Редки и ценни издания |
||
| 700 |
_9302786 _aМосков, Моско _eпрев. от фр. _gПисател, преводач, културен деец _qГруев, Моско Москов |
||
| 852 |
_aРб 898 _bРц |
||
| 856 |
_i0.00 _ldisable |
||
| 942 |
_cKNG _n0 _s1 |
||
| 944 |
_aCR _c2021-07-20 _kВЙ |
||
| 999 | _d424369 | ||